Solubility and availability of micronutrients extracted from silicate agrominerals (Registro n. 298762)
[ somente texto ]
| 000 -LÍDER | |
|---|---|
| fixed length control field | 04106nab a2200361 i 4500 |
| 003 - CÓDIGO MARC DA AGÊNCIA CATALOGADORA | |
| Campo de controle | BR-BrBNA |
| 005 - DATA E HORA DA ÚLTIMA ATUALIZAÇÃO | |
| Campo de controle | 20240312132133.0 |
| 008 - CAMPO DE TAMANHO FIXO | |
| fixed length control field | 240312b2020 bl.ar|pooa||| 00| 0 eng | |
| 040 ## - FONTE DA CATALOGAÇÃO | |
| Agência catalogadora | BR-BrBNA |
| Idioma da catalogação | eng |
| 072 ## - CATEGORIA AGRIS | |
| Código AGRIS | F04 |
| Código do objeto | 0150 |
| 100 ## - ENTRADA PRINCIPAL - NOME PESSOAL | |
| Nome pessoal | Marchi, Giuliano |
| 100 ## - ENTRADA PRINCIPAL - NOME PESSOAL | |
| Nome pessoal | Guelfi-Silva, Douglas Ramos |
| 100 ## - ENTRADA PRINCIPAL - NOME PESSOAL | |
| Nome pessoal | Malaquias, Juaci Vitória |
| 100 ## - ENTRADA PRINCIPAL - NOME PESSOAL | |
| Nome pessoal | Guilherme, Luiz Roberto Guimarães |
| 100 ## - ENTRADA PRINCIPAL - NOME PESSOAL | |
| Nome pessoal | Spehar, Carlos Roberto |
| 100 ## - ENTRADA PRINCIPAL - NOME PESSOAL | |
| Nome pessoal | Martins, Eder de Souza |
| 245 ## - TÍTULO PRINCIPAL | |
| Título principal | Solubility and availability of micronutrients extracted from silicate agrominerals |
| 500 ## - NOTA GERAL | |
| Nota geral | Publicação on-line; 37 ref.; 5 tables; Summaries (En, Pt) |
| 942 ## - ADDED ENTRY ELEMENTS (KOHA) | |
| Koha item type | |
| 520 ## - NOTA DE RESUMO | |
| Nota de conteúdo | <br/><br/>Abstract – The objective of this work was to evaluate the solubility of the<br/>micronutrients copper, nickel, and zinc, chemically extracted from silicate<br/>agrominerals, as alternative sources of potassium for lettuce (Lactuca sativa)<br/>and rice (Oryza sativa) cultures, as well as their availability to the plants. The<br/>micronutrient contents of five agrominerals (alkaline ultramafic, biotite schist,<br/>volcanic breccia, phlogopite schist, and mining by-product from Chapada)<br/>were evaluated, after being extracted by the citric acid, hydrochloric acid,<br/>diethylenetriaminepentaacetic acid, 3051A, neutral ammonium citrate, and<br/>Mehlich-3 methods. The agrominerals, at the doses of 0 (control), 200, 400, and<br/>600 kg ha-1 K, were mixed to soil where lettuce and rice were cultivated. The<br/>agrominerals presented a low solubility of Ni, Cu, and Zn, with lower contents<br/>in lettuce shoots and rice grains than the corresponding soluble standards in<br/>sulfate form. The availability of micronutrients to the plants increased with<br/>the use of agrominerals, in comparison with the control. Similarities were<br/>observed in micronutrient solubility and availability between the different<br/>groups of agrominerals. The solubility and availability of Cu, Ni, and Zn<br/>depend on the solubility of the minerals that compose the agrominerals.<br/><br/><br/>Index terms: copper, mining by-product, nickel, nutrient availability, zinc.<br/> |
| 520 ## - NOTA DE RESUMO | |
| Nota de conteúdo | <br/><br/>Resumo – O objetivo deste trabalho foi avaliar a solubilidade dos<br/>micronutrientes cobre, níquel e zinco, extraídos quimicamente de agrominerais<br/>silicáticos, como fonte alternativa de potássio para as culturas de alface<br/>(Lactuca sativa) e arroz (Oryza sativa), bem como sua disponibilidade para<br/>as plantas. Avaliaram-se os teores de micronutrientes de cinco agrominerais<br/>(ultramáfica alcalina, biotita xisto, brecha vulcânica, flogopita xisto e<br/>subproduto de mineração de Chapada), após extração pelos métodos ácido<br/>cítrico, ácido clorídrico, ácido dietilenotriamino penta-acético, 3051A, citrato<br/>neutro de amônio e Mehlich 3. Os agrominerais, nas doses de 0 (controle),<br/>200, 400 e 600 kg ha-1 de K, foram misturados em solo com cultivo de alface<br/>e arroz. Os agrominerais apresentaram baixa solubilidade de Ni, Cu e Zn,<br/>com menores teores em folhas de alface e grãos de arroz que o padrão solúvel<br/>correspondente na forma de sulfato. A disponibilidade de micronutrientes para<br/>as plantas aumentou com uso dos agrominerais, em comparação ao controle.<br/>Foram observadas similaridades na solubilidade e na disponibilidade de<br/>micronutrientes entre os diferentes grupos de agrominerais. A solubilidade e<br/>a disponibilidade de Cu, Ni e Zn dependem da solubilidade dos minerais que<br/>compõem os agrominerais.<br/><br/><br/>Termos para indexação: cobre, subproduto de mineração, níquel,<br/>disponibilidade de nutrientes, zinco. |
| 650 ## - ASSUNTO - THESAGRO | |
| Cabeçalho tópico ou nome geográfico | ALFACE |
| 650 ## - ASSUNTO - THESAGRO | |
| Cabeçalho tópico ou nome geográfico | ARROZ |
| 650 ## - ASSUNTO - THESAGRO | |
| Cabeçalho tópico ou nome geográfico | COBRE |
| 650 ## - ASSUNTO - THESAGRO | |
| Cabeçalho tópico ou nome geográfico | NÍQUEL |
| 650 ## - ASSUNTO - THESAGRO | |
| Cabeçalho tópico ou nome geográfico | ZINCO |
| 650 ## - ASSUNTO - THESAGRO | |
| Cabeçalho tópico ou nome geográfico | NUTRIENTES |
| 650 ## - ASSUNTO - THESAGRO | |
| Cabeçalho tópico ou nome geográfico | MINERAÇÃO |
| 650 ## - ASSUNTO - THESAGRO | |
| Cabeçalho tópico ou nome geográfico | RESÍDUO |
| 773 0# - ENTRADA ANALÍTICA | |
| Host Biblionumber | 920 |
| Registro do item | 25800 |
| Imprenta | Brasília-DF Empresa Brasileira de Pesquisa Agropecuária - EMBRAPA 1966- |
| Outro identificador | 2023-436355 |
| Título | Pesquisa Agropecuária Brasileira (Brazil) |
| ISSN | 0100-204X |
| Colação | v. 55 p. 1-12; (2020) |
| Número de controle de registro | BR2024000211 |
| 856 ## - ACESSO E ENDEREÇO ELETRÔNICO | |
| Identificador uniforme de recurso - URI | https://www.scielo.br/j/pab/a/C8mYzN9n8wC3XbrcRNnfhwM/?format=pdf&lang=en |
Nenhum exemplar disponível.

BINAGRI